Normal view
MARC view
Entry Personal Name
001 - CONTROL NUMBER
- control field: 51847
003 - CONTROL NUMBER IDENTIFIER
- control field: ARRUPE
005 - DATE AND TIME OF LATEST TRANSACTION
- control field: 20221116103359.0
008 - FIXED-LENGTH DATA ELEMENTS
- fixed length control field: 221116|| aca||aabn | a|a d
040 ## - CATALOGING SOURCE
- Original cataloging agency: ARRUPE
- Transcribing agency: ARRUPE
100 ## - HEADING--PERSONAL NAME
- Personal name: Sheen, Fulton J.
- Fuller form of name: (Fulton John),
- Dates associated with a name: 1895-1979
670 ## - SOURCE DATA FOUND
- Source citation: Work cat.: (ARRUPE)131521: Sheen, Fulton J. (Fulton John), 1895-1979, The life of all living :, 1951, c1929.